Movies Quiz

Random Movies or Role Quiz

Mike Myers Movies Quiz Stats

 Plays Quiz Updated Dec 31, 2020

Support Sporcle.
Go Orange.
Score 0/21 Timer 05:00
7 Plays Today
Year Movie % Correct
1997Austin Powers: International Man of Mystery
95.9%
2002Austin Powers in Goldmember
87.8%
1999Austin Powers: The Spy Who Shagged Me
87.2%
2001Shrek
85.2%
2004Shrek 2
81.9%
2007Shrek the Third
80.8%
1992Wayne's World
72.1%
1993Wayne's World 2
63.3%
2008The Love Guru
62.4%
1993So I Married an Axe Murderer
44.7%
2018Bohemian Rhapsody
36.8%
Year Movie % Correct
2010Shrek Forever After
26.2%
2003The Cat in the Hat
22.4%
2009Inglourious Basterds
18.2%
199854
14.2%
2018Terminal
9.5%
2003View from the Top
7.3%
1999Mystery, Alaska
6.4%
1998The Thin Pink Line
2.8%
1998Pete's Meteor
2.6%
2003Nobody Knows Anything
2.2%

From the Vault

Book to Animation Match-Up

by vinipereira

In some of these cases, you might even be surprised to learn that the movies were based on books!
Remove Ads.
Support Sporcle.
Get the best of Sporcle when you Go Orange. This ad-free experience offers more features, more stats, and more fun while also helping to support Sporcle. Thank you for becoming a member.

Show Comments

Extras

Top Quizzes Today


Score Distribution

Your Account Isn't Verified!

In order to create a playlist on Sporcle, you need to verify the email address you used during registration. Go to your Sporcle Settings to finish the process.

Report this User

Report this user for behavior that violates our Community Guidelines.

Details: